00685cam a22001813a 450000100060000000300060000600500170001200800410002904000150007004200070008510000500009224502110014226000290035350600300038251600200041283000290043285600420046144896PGUSA20140828084026.0140213s2014||||xxu|||||s|||||000 | eng d aPGUSAbeng adc1 aPratt, Parley P.q(Parley Parker),d1807-185714aThe Autobiography of Parley Parker Pratt :bOne of the Twelve Apostles of the Church of Jesus Christ of Latter-Day Saints, Embracing His Life, Ministry, and Travelsh[electronic resource] /cParley P. Pratt bProject Gutenberg,c2014 aPublic domain in the USA. aElectronic text 0aProject Gutenbergv4489640uhttp://www.gutenberg.org/ebooks/44896